00461 a2200157 4500050002100000245008600021264003900107300001200146500002200158650001500180700002100195700002200216700002000238700002300258700002200281 aKTL19.A35SOU1991 aSouth African Law Reports:b1991 (1) March /cedited by Fisher David [et ...al] aCape Town:bJuta and CO,LTD,c1991 a866p. : aincludes Appendix alaw report aHanmer Needitor aPiennar Geeditor aEvans Jeeditor aColler K Veeditor aBedwell Geeditor